Solo De Mí - Bad Bunny - Estadísticas

Estadísticas generales
  • Esta prueba ha sido intentada 61 veces
  • La puntuación promedio es 279 de 331
Estadísticas de respuestas
Letra % Correcto
a
100%
de
100%
e'
100%
'e
100%
me
100%
Me
100%
100%
nadie
100%
No
100%
no
100%
sólo
100%
100%
tu
100%
Y
100%
y
100%
Ya
100%
ya
100%
Yo
100%
yo
100%
lo
98%
Lo
98%
ni
98%
que
98%
Que
98%
¿Qué
98%
qué
98%
¿qué
98%
soy
98%
tuyo
98%
bebé
95%
¿Bebé
95%
te
95%
Te
95%
ti
95%
vuelvas
95%
decir
93%
el
93%
en
93%
En
93%
pa'
93%
Por
93%
se
93%
un
93%
sabe'
90%
amo
88%
corazón
88%
nuestro
88%
odio
88%
quien
88%
roto
88%
botella'
85%
eso
85%
Eso
85%
estoy
85%
fui
85%
murió
85%
poquito
85%
rompiste
85%
si
85%
tenía
85%
velorio
85%
nosotro'
83%
decidió
80%
Hoy
80%
hoy
80%
noche
80%
sabes
80%
Alzando
78%
descansé
78%
Fuiste
78%
paz
78%
quisiste?
78%
siento
78%
dolió
75%
voy
75%
agradezco
73%
jodió
73%
pa'l
73%
la
70%
La
70%
Pero
70%
ver
70%
amanezco
68%
Esta
68%
ey
68%
pertenezco
68%
pesco
68%
quiero
68%
arranca
65%
ayer
65%
con
65%
llamó
65%
mami
65%
carajo
63%
dio?
63%
Dio'
63%
fue
63%
perreo
63%
cago
60%
cojone'?
60%
ere'
60%
Facebook
60%
madre
60%
nunca
60%
atraso
58%
Baby
58%
caso
58%
Contigo
58%
hacer
58%
parió
58%
Sorry
58%
allá
55%
otra
55%
vuelvo
55%
bellaqueo
53%
caer
53%
dejo
53%
del
53%
meno
53%
quiera'
53%
tocó
53%
trajo
53%
travesura
53%
abajo
50%
Echa
50%
mordió
50%
pana
50%
perder
50%
¿Quiere'
50%
vio
50%
vo'a
50%
Yeh
50%
yeh
50%
brazo
48%
Dime
48%
mierda
48%
Pon
48%
quiten
48%
eche'
45%
jangueo
45%
Mira
45%
Son
45%
agua
43%
atajo
43%
prender
43%
puñeta
43%
recetario
43%
tengo
43%
bajita
40%
Dale
40%
enrola
40%
vacilar?
40%
eh
38%
veo
38%
como
35%
pata'
30%
joda
25%
No se encontraron pruebas coincidentes
Distribución de puntuación
Porcentaje de gente con cada puntuación
Porcentaje por número respondido
Historial de tus puntuaciones
No has intentado esta prueba.